000 00854nac a22002771u 4500
003 EG-ScBUE
005 20220908111401.0
008 200219t1984 nyu f 000 0 eng d
020 _a0486247406
040 _aEG-ScBUE
_beng
_erda
_cEG-ScBUE
_dEG-ScBUE
082 0 4 _a700
_bBEE
_222
100 1 _aBeethoven, Ludwig van,‏
_d1770-1827,
_eauthor.
245 1 0 _aFidelio :
_bin full score /
_cLudwig van Beethoven.
264 1 _aNew York :
_bDover,
_c[1984]
264 4 _cc1984
300 _a269 pages ;
_c31 cm
336 _2rdacontent
_atext
_btxt
337 _2rdamedia
_aunmediated
_bn
338 _2rdacarrier
_avolume
_bnc
650 7 _aOperas
_xScores.
_2BUEsh
651 _2BUEsh
653 _bART
655 _vReading book
_934232
856 4 2 _3Publisher description
_uhttp://www.loc.gov/catdir/description/dover032/84755927.html
942 _cBB
_2ddc
999 _c3138
_d3138